Statistics for Two Letter Geography

Click here to take the quiz!

General Stats

  • This quiz has been taken 212 times
    (39 since last reset)
  • The average score is 16 of 24

Answer Stats

ClueAnswer% Correct
Capital of the USADC
97%
Kiwi countryNZ
95%
England, Wales, etc...UK
95%
Its parliament is in StrasbourgEU
92%
Germany's country codeDE
89%
The city of angelsLA
86%
Italian riverPo
86%
Haiti's neighborDR
84%
Toronto's tallest towerCN
81%
Comes after EverestK2
81%
Replaced League of NationsUN
78%
Vancouver is its largest cityBC
76%
Perth's stateWA
73%
Gulf of Mexico oil-spillersBP
68%
AustraliaOz
54%
Korean electronics giantLG
51%
Common Chinese last nameLi
43%
ShanghaineseWu
43%
South Africa's country codeZA
43%
Siberian riverOb
43%
Amsterdam's body of waterIJ
35%
Abraham's birthplaceUr
30%
Chicago railwayEl
27%
Taiwan's highest mountainYu
5%

Score Distribution

Percentile by Number Answered

Percent of People with Each Score

Your Score History

You have not taken this quiz since the last reset